000 00724nam a2200289Ia 4500
005 20260324133912.0
008 008 260324s9999 xx 000 0 eng d
020 _a9780203890257
037 _aEBOOK
040 _aCRL
040 _beng
040 _cCRL
041 _2eng
041 _aeng
084 _qCRL
100 _aGerald A. Juhnke
_91194814
245 0 _aSubstance Abuse Assessment and Diagnosis
245 2 _bA Comprehensive Guide for Counselors and Helping Professionals
260 _bTaylor and Francis
260 _c2002
365 _a
365 _b280
856 _uhttp://www.taylorfrancis.com/books/9780203890257
942 _cEBOOK
999 _c1794351
_d1794351